Normal view
MARC view
- Jeffrey S.Beasley
Entry Personal Name
001 - CONTROL NUMBER
- control field: 105733
003 - CONTROL NUMBER IDENTIFIER
- control field: NUST
005 - DATE AND TIME OF LATEST TRANSACTION
- control field: 20221223095953.0
008 - FIXED-LENGTH DATA ELEMENTS
- fixed length control field: 221223|| aca||aabn | a|a d
040 ## - CATALOGING SOURCE
- Original cataloging agency: NUST
- Transcribing agency: NUST
100 ## - HEADING--PERSONAL NAME
- Personal name: Jeffrey S.Beasley
670 ## - SOURCE DATA FOUND
- Source citation: Work cat.: (NUST)189551: Jeffrey S.Beasley, Modern Electronic Communications (Include CD) / , 2010
